000 00817nam a22001815i 4500
001 173887
003 ES-MaACL
005 20250704062531.0
008 100128s1839 sp |||| | spa d
100 1 _aDumas, Alexandre,
_d1802-1870
_eaut
_9241135
245 1 3 _aEl marino
_b: drama en cinco actos /
_cescrito en francés por ... Alejandro Dumas con el título de Paul Jones ; y traducido al castellano por Narciso de la Escosura.
260 _aMadrid :
_b[s.n.],
_c1839 (
_fImp. de Ignacio Boix)
300 _a80 p. ;
_c17 cm.
700 1 _aEscosura, Narciso de la.
_9126955
852 1 _aBA
_jF-8625(3)
_z.- Enc. pasta española
_q.- Falto de la cub. original
_z.- Enc. en un vol. facticio formando parte de la col. facticia "Teatro español moderno", vol. 80
942 _2udc
999 _c173887
_d173887